Pierwsza „10” Pucharu Świata wszech czasów - Statystyki

Ogólne statystyki
  • Ten quiz został rozwiązany 382 razy
    381 od ostatniego zresetowania
  • Średni wynik to 10 z 20
Statystyki odpowiedzi
Miejsce Kraj Liczba Imię i nazwisko % Poprawnych
3 Polska 198 Adam Małysz
97%
5 Polska 177 Kamil Stoch
96%
1 Finlandia 248 Janne Ahonen
87%
10 Austria 136 Stefan Kraft
82%
4 Szwajcaria 180 Simon Ammann
78%
2 Japonia 213 Noriaki Kasai
77%
11 Słowenia 129 Peter Prevc
67%
7 Austria 164 Gregor Schlierenzauer
60%
6 Austria 172 Thomas Morgenstern
56%
18 Finlandia 114 Matti Nykanen
51%
20 Niemcy 110 Martin Schmitt
39%
8 Austria 153 Andreas Goldberger
37%
16 Austria 116 Andreas Kofler
34%
13 NRD/Niemcy 126 Jens Weissflog
34%
14 Niemcy 123 Severin Freund
34%
15 Finlandia 122 Matti Hautamaki
19%
9 Austria 142 Andreas Widholzl
16%
17 Norwegia 115 Roar Ljokelsoy
11%
18 Austria 114 Martin Hollwarth
8%
12 Austria 127 Ernst Vettori
5%
Nie znaleziono quizów pasujących do podanych kryteriów
Rozkład punktacji
Procent ludzi z każdym wynikiem
Percentyl według liczby udzielonych odpowiedzi
Twoja historia wyników
Nie rozwiązałeś tego quizu od ostatniego zresetowania